000
00320nam a2200133Ia 4500
005
20251222155047.0
008
251222s9999||||xx |||||||||||||| ||spa||
082
_a
PED. 14
100
_a
Ministerio Justicia
245
0
_a
Código de los Niños y Adolescentes
250
_a
1ra. ed.
264
_b
No tiene
942
_c
LIB
999
_c
37151
_d
37151